Movies Quiz

Random Movies or Disney Quiz

Disney Titles: Rephrased Quiz Stats

 Plays Quiz Updated Jan 21, 2017

Support Sporcle.
Go Orange.
Score 0/24 Timer 06:00
1 Play Today
Rephrased Title Disney Movie % Correct
SkywardUp
93.3%
Prettiness and the MonsterBeauty and the Beast
93.1%
VehiclesCars
92.3%
The Diminutive Fish/Human HybridThe Little Mermaid
90.8%
The Female Royal and the AmphibianThe Princess and the Frog
89.1%
Beasts, Co.Monsters, Inc.
89%
The Felines of a Privileged BackgroundThe Aristocats
88.1%
The Vitality of an InsectA Bug's Life
86.7%
CourageousBrave
86.5%
Blade in the GraniteSword in the Stone
86.2%
Tale of PlaythingsToy Story
86%
The Man with an Abnormal Spine from ParisThe Hunchback of Notre Dame
85%
Rephrased Title Disney Movie % Correct
Dormant AttractivenessSleeping Beauty
83.2%
The Monarch of Carnivorous WildcatsThe Lion King
82.1%
A Centenary Quantity of Canines, Plus One101 Dalmatians
80.6%
The ExceptionalsThe Incredibles
79.6%
The Ruler's Recent Jazzy RhythmThe Emperor's New Groove
77.9%
Ursine Male SiblingBrother Bear
73.6%
EnsnaredTangled
73.5%
Prehistoric ReptileDinosaur
71.7%
The Cunning Mammal and the MongrelThe Fox and the Hound
71.3%
The Unsurpassed Rodent InvestigatorThe Adventures of the Great Mouse Detective
67.5%
Small Wooden Fixtures and Sweeping DevicesBedknobs and Broomsticks
56.2%
Tune of DixieSong of the South
55.1%

You're not logged in!

Compare scores with friends on all Sporcle quizzes.
OR
Log In

From the Vault

Risky Map Clicking: Smallest States A-Z

by sproutcm

It may be helpful to stick to the east coast here.
Remove Ads.
Support Sporcle.
Get the best of Sporcle when you Go Orange. This ad-free experience offers more features, more stats, and more fun while also helping to support Sporcle. Thank you for becoming a member.

Show Comments

Extras

Top Quizzes Today


Score Distribution

Your Account Isn't Verified!

In order to create a playlist on Sporcle, you need to verify the email address you used during registration. Go to your Sporcle Settings to finish the process.

Report this User

Report this user for behavior that violates our Community Guidelines.

Details: